La violenza nel negozio giuridico
-д хадгалсан:
| Үндсэн зохиолч: | |
|---|---|
| Формат: | Ном |
| Хэл сонгох: | итали |
| Хэвлэсэн: |
Milán
Cedam
2000
|
| Цуврал: | Enciclopedia, 46
|
| Нөхцлүүд: | |
| Шошгууд: |
Шошго нэмэх
Шошго байхгүй, Энэхүү баримтыг шошголох эхний хүн болох!
|
MARC
| LEADER | 00000nam a2200000 a 4500 | ||
|---|---|---|---|
| 001 | UCL2934 | ||
| 003 | CL-VaPUC | ||
| 008 | 031107e20000000IT |||||||||||||||||ita|d | ||
| 020 | |a 8813227426 | ||
| 082 | 0 | 4 | |a 346.02 |b CIC |2 21 |
| 100 | 0 | |a Cicero, Cristiano |e author |9 480140 | |
| 245 | 1 | 3 | |a La violenza nel negozio giuridico |
| 300 | |a 184 p | ||
| 942 | |c BK | ||
| 945 | |d 20031107 00:00:00 |a cmena | ||
| 260 | |a Milán |b Cedam |c 2000 | ||
| 650 | 0 | |a Negocio jurídico |9 258242 | |
| 650 | 0 | |a Contratos |9 255153 | |
| 650 | 0 | |a Delitos |9 224143 | |
| 650 | 0 | |a Violencia |9 255411 | |
| 650 | 0 | |a Derecho comparado |9 255664 | |
| 650 | 0 | |a Jurisprudencia |9 255952 | |
| 583 | |a last modification |c 20031107 00:00:00 |k Rodrigo Vera | ||
| 490 | 0 | |a Enciclopedia, 46 | |
| 999 | |c 306099 |d 306097 | ||
| 952 | |0 0 |1 0 |4 0 |6 346_020000000000000_CIC_2000 |7 0 |8 A |9 370817 |a BIBDER |b BIBDER |d 2019-11-21 |i 387639K |o 346.02 CIC 2000 |p 387639K |r 2023-01-25 |w 2019-11-21 |y BK |k DER | ||